| 000 | 00968nam0a2200301 4500 | ||
|---|---|---|---|
| 001 | RU\NLR\bibl\1861983 | ||
| 005 | 20260405061709.0 | ||
| 010 |
_a978-5-4226-0038-0 _92500 |
||
| 021 |
_aRU _b2012-785 _965 |
||
| 035 | _a(NLR Aleph) 001851882 | ||
| 090 |
_a2413236 _c2413236 |
||
| 100 | _a20120130d2011 |||y0rusy50 ca | ||
| 101 | 0 | _arus | |
| 102 | _aRU | ||
| 105 | _ay ||||||||| | ||
| 200 | 1 |
_aСокровища Массандры _e[роман] _fЮрий Гаврюченков |
|
| 210 |
_aСанкт-Петербург _cКрылов _d2011 |
||
| 215 |
_a445, [1] с. _d21 |
||
| 225 | 1 |
_aЭкстремальный детектив _eЭД |
|
| 686 | _aШ6(2=Р)8-446 | ||
| 700 | 1 |
_4070 _8rus _7ca _aГаврюченков _bЮ.Ф. _f1971- _gЮрий Федорович _3RU\NLR\auth\7720669 _93736 |
|
| 801 | 0 |
_aRU _bNLR _c20120130 _gRCR |
|
| 801 | 1 |
_aRU _bNLR _c20120130 |
|
| 942 | _cBOOK | ||
| 980 | _aNB | ||
| 980 | _aNBR | ||